000 00640nam a2200181 i 4500
001 128016
003 ES-MaACL
005 20230906193136.0
007 t|
008 070214s1923 xxk |||| | eng d
100 1 _aRivers, W. H. R.
_997716
245 1 0 _aPsychology and politics and other essays /
_cby W. H. R. Rivers ; with a preparatory note by G. Elliot Smith and an appreciation by C.S. Myers.
260 _aLondon :
_b[s. n.],
_c1923 (
_eEdinburgh :
_fThe Edinburgh Press)
300 _aVII, 181 p ;
_c23 x 14 cm.
700 1 _aSmith, G. Elliot.
_9106871
700 1 _aMyers, Charles Samuel.
_984753
852 _aES-MaACL
_jB-11231
999 _c128016
_d128016